|
|
|
|
| LEADER |
01990nam a2200469 i 4500 |
| 001 |
EBC1701820 |
| 003 |
MiAaPQ |
| 005 |
20200520144314.0 |
| 006 |
m o d | |
| 007 |
cr cnu|||||||| |
| 008 |
140612t20142014dcua ob 001 0 eng d |
| 020 |
|
|
|z 9781484369142
|
| 020 |
|
|
|a 9781484312964
|q (electronic bk.)
|
| 035 |
|
|
|a (MiAaPQ)EBC1701820
|
| 035 |
|
|
|a (Au-PeEL)EBL1701820
|
| 035 |
|
|
|a (CaPaEBR)ebr10878930
|
| 035 |
|
|
|a (CaONFJC)MIL616091
|
| 035 |
|
|
|a (OCoLC)881416267
|
| 040 |
|
|
|a MiAaPQ
|b eng
|e rda
|e pn
|c MiAaPQ
|d MiAaPQ
|
| 043 |
|
|
|a cc-----
|
| 050 |
|
4 |
|a HJ844.3
|b .C37 2014
|
| 082 |
0 |
|
|a 336
|2 23
|
| 245 |
0 |
0 |
|a Caribbean renewal :
|b tackling fiscal and debt challenges /
|c editors, Charles Amo-Yartey and Therese Turner-Jones.
|
| 264 |
|
1 |
|a Washington, District of Columbia :
|b International Monetary Fund,
|c 2014.
|
| 264 |
|
4 |
|c 2014
|
| 300 |
|
|
|a 1 online resource (315 pages) :
|b illustrations, graphs
|
| 336 |
|
|
|a text
|2 rdacontent
|
| 337 |
|
|
|a computer
|2 rdamedia
|
| 338 |
|
|
|a online resource
|2 rdacarrier
|
| 504 |
|
|
|a Includes bibliographical references at the end of each chapters and index.
|
| 588 |
|
|
|a Description based on print version record.
|
| 590 |
|
|
|a Electronic reproduction. Ann Arbor, MI : ProQuest, 2015. Available via World Wide Web. Access may be limited to ProQuest affiliated libraries.
|
| 650 |
|
0 |
|a Finance, Public
|z Caribbean Area.
|
| 650 |
|
0 |
|a Debts, Public
|z Caribbean Area.
|
| 650 |
|
0 |
|a Fiscal policy
|z Caribbean Area.
|
| 655 |
|
4 |
|a Electronic books.
|
| 700 |
1 |
|
|a Yartey, Charles Amo,
|e editor.
|
| 700 |
1 |
|
|a Turner-Jones, Therese,
|e editor.
|
| 710 |
2 |
|
|a International Monetary Fund.
|
| 776 |
0 |
8 |
|i Print version:
|t Caribbean renewal : tackling fiscal and debt challenges.
|d Washington, District of Columbia : International Monetary Fund, c2014
|h xii, 301 pages
|z 9781484369142
|w 2013496365
|
| 797 |
2 |
|
|a ProQuest (Firm)
|
| 856 |
4 |
0 |
|u https://ebookcentral.proquest.com/lib/matrademy/detail.action?docID=1701820
|z Click to View
|